Electromagnetic theory and electrodynamics / (Record no. 162486)

MARC details
000 -LEADER
fixed length control field 00482nam a22001697a 4500
005 - DATE AND TIME OF LATEST TRANSACTION
control field 20190314163842.0
010 ## - LCCN (DPL NO)
LC control number B-194252
020 ## - INTERNATIONAL STANDARD BOOK NUMBER
Terms of availability 210.00
035 ## - SYSTEM CONTROL NUMBER
System control number B-194252
037 ## - SOURCE OF ACQUISITION
Source of stock number/acquisition Kedar Nath Ram Nath & Co.
082 ## - DEWEY DECIMAL CLASSIFICATION NUMBER
Classification number 530.141
100 ## - MAIN ENTRY--PERSONAL NAME
Personal name Prakash, Satya
245 ## - TITLE STATEMENT
Title Electromagnetic theory and electrodynamics /
Statement of responsibility, etc Satya Prakash
260 ## - PUBLICATION, DISTRIBUTION, ETC. (IMPRINT)
Place of publication, distribution, etc Meerut
Name of publisher, distributor, etc Kedar Nath Ram Nath & Co.
Date of publication, distribution, etc 2006
300 ## - PHYSICAL DESCRIPTION
Extent 603p.
Dimensions 24cm(pbk)
942 ## - ADDED ENTRY ELEMENTS (KOHA)
Source of classification or shelving scheme Dewey Decimal Classification
Item type English Books
Classification part 530.141
Call number suffix SAT
Holdings
Withdrawn status Lost status Not for loan Collection code Home library Current library Date acquired Full call number Barcode Koha item type
      Non-fiction Sarojini Nagar Sarojini Nagar 14/03/2019 530.141 SAT B-194252 English Books

© Delhi Public Library
Hit Counter
free hit counter